[Event "DSB-Kader-Challenge 2021"]
[Site "Magdeburg"]
[Date "2021.04.05"]
[Round "1.1"]
[White "Svane, Rasmus"]
[Black "Fridman, Daniel"]
[Result "1/2-1/2"]
[WhiteElo "2613"]
[BlackElo "2601"]
[Annotator "TA"]
[PlyCount "80"]
[EventDate "2021.04.05"]
[EventType "tourn"]
[EventCountry "GER"]
[SourceTitle "playchess.com"]
[Source "ChessBase"]
[SourceQuality "1"]

{[%evp 17,80,43,37,30,22,8,19,12,19,16,13,0,18,4,18,8,25,24,30,31,37,36,38,27,37,36,55,44,47,40,41,50,50,46,46,44,53,57,57,43,50,3,12,-7,15,22,16,8,11,8,28,0,69,0,0,0,0,0,0,0,0,-44,-44,-44,-31]} 1. e4 c6 2. d4 d5 3. exd5 cxd5 4. Bd3 Nc6 5. c3 Qc7 6. h3 Nf6 7. Nf3 g6 8. O-O Bg7 9. Re1 O-O 10. Be3 {B13: Caro-Kann: Exchange Variation and Panov-Botvinnik Attack.} Bf5 11. Be2 Ne4 12. Nbd2 {The position is equal.} Rad8 {[#]} 13. Rc1 $146 ({Predecessor:} 13. Nh4 Bc8 14. Bd3 f5 15. Nb3 Kh8 16. Nf3 h6 17. Bb5 Kh7 18. Bxc6 bxc6 19. Nc1 {1-0 (55) Czarnota,P (2502)-Hammer,J (2628) chess.com INT 2020}) 13... Rfe8 14. Nb3 Qb8 15. Bd3 f6 16. Nh4 Be6 17. Qc2 Nd6 18. f4 f5 19. Nf3 Ne4 20. Ne5 Bf6 21. Qe2 Qc8 22. Nxc6 bxc6 23. Nc5 Bf7 24. b4 Qc7 25. Bxe4 dxe4 26. a4 Kh8 27. b5 Rg8 28. Rf1 Rg7 29. bxc6 Qxc6 30. Qb5 Qxb5 31. axb5 {Black must now prevent Ra1.} Bc4 32. Rf2 g5 33. Ra1 g4 {[#] And now ...gxh3 would win.} 34. h4 {Threatens to win with Rb2.} Rb8 ({Of course not} 34... Bxh4 $6 35. Rb2 $16) (34... Bxb5 $11 35. Ne6 Rc8 36. Nxg7 Kxg7) 35. Rb2 (35. Ra4 $1 $14 g3 36. Rc2) 35... Rxb5 $11 ({Don't play} 35... Bxh4 $6 36. Rb4 $16) 36. Rxb5 Bxb5 37. g3 Rg8 38. Rxa7 Rb8 39. Rb7 Rxb7 40. Nxb7 e6 {Weighted Error Value: White=0.10/Black=0.07} 1/2-1/2

[Event "DSB-Kader-Challenge 2021"]
[Site "Magdeburg"]
[Date "2021.04.05"]
[Round "1.2"]
[White "Kollars, Dmitrij"]
[Black "Heimann, Andreas"]
[Result "1/2-1/2"]
[WhiteElo "2598"]
[BlackElo "2606"]
[Annotator "TA"]
[PlyCount "80"]
[EventDate "2021.04.05"]
[EventType "tourn"]
[EventCountry "GER"]
[SourceTitle "playchess.com"]
[Source "ChessBase"]
[SourceQuality "1"]

{[%evp 17,80,0,0,-18,-9,-22,-20,-18,-24,-24,-10,-16,0,0,0,-34,-14,-14,0,0,-10,-30,0,-12,-7,-8,0,0,-9,-6,0,0,12,0,0,0,0,0,0,0,0,0,0,0,0,0,0,0,0,0,8,8,8,0,0,0,0,0,0,0,0,0,0,0,0]} 1. e4 e5 2. Nf3 Nc6 3. d4 exd4 4. Nxd4 Nf6 5. Nxc6 bxc6 6. e5 Qe7 7. Qe2 Nd5 8. c4 {8.h4 gains popularity.} Ba6 9. b3 g6 10. Ba3 {C45: Scotch Game.} Nb4 11. Bb2 $1 Bg7 $1 12. a3 {[#]} Nd5 13. Nd2 {[#]} O-O $1 14. O-O-O Rfe8 15. Qf3 Nb6 {[#]} 16. Kb1 $146 ({Predecessor:} 16. Ne4 Bxe5 17. Bxe5 Qxe5 18. Nf6+ Kf8 19. Nxe8 Qa1+ 20. Kc2 Qa2+ 21. Kc1 Qa1+ 22. Kc2 Qa2+ 23. Kc1 Qa1+ 24. Kc2 Qa2+ {½-½ (24) Xiong,J (2712)-Sevian,S (2657) Saint Louis 2019}) 16... d5 17. exd6 $1 cxd6 18. Bxg7 ({Don't go for} 18. Qxc6 $2 Bxb2 19. Kxb2 Bb7 $19) 18... Kxg7 19. Qc3+ ({Reject} 19. Qxc6 Bb7 $15) 19... Kg8 20. h4 $1 {The position is equal.} d5 21. h5 $1 dxc4 {Hoping for ...Nd5.} 22. hxg6 fxg6 23. Bxc4+ Bxc4 24. Nxc4 Rad8 (24... Qe4+ {is more complex.} 25. Ka1 Nxc4 26. Rd4 Qe2 27. Rxc4 Rad8) 25. Rxd8 (25. Nxb6 {seems wilder.} Qe4+ 26. Qc2 Rxd1+ 27. Rxd1 axb6 28. Qxe4 Rxe4 29. Rd6) 25... Rxd8 26. Re1 (26. Qc2 {is interesting.} Rd5 27. b4 c5 28. Ne3 Re5 29. Qb3+) 26... Qf7 27. Nxb6 axb6 $11 {[%mdl 4096] Endgame KQR-KQR} 28. f3 c5 29. Kb2 Qd5 30. Re2 Kf7 31. Qe3 Qd4+ 32. Qxd4 Rxd4 {KR-KR} 33. Kc3 g5 34. b4 g4 35. fxg4 Rxg4 36. bxc5 bxc5 37. Kb3 Rg3+ 38. Kb2 Rg4 39. Kb3 Rg3+ 40. Kb2 Rg4 {An uneventful encounter.  Weighted Error Value: White=0.02/Black=0.05} 1/2-1/2

[Event "DSB-Kader-Challenge 2021"]
[Site "Magdeburg"]
[Date "2021.04.05"]
[Round "1.3"]
[White "Svane, Frederik"]
[Black "Bluebaum, Matthias"]
[Result "1-0"]
[WhiteElo "2421"]
[BlackElo "2670"]
[Annotator "TA"]
[PlyCount "97"]
[EventDate "2021.04.05"]
[EventType "tourn"]
[EventCountry "GER"]
[SourceTitle "playchess.com"]
[Source "ChessBase"]
[SourceQuality "1"]

{[%evp 14,97,7,8,24,10,30,30,26,18,31,28,59,50,48,58,56,44,77,72,77,64,95,83,112,108,110,100,135,93,93,77,77,77,103,84,137,122,145,147,193,193,191,187,183,191,395,383,413,385,396,395,463,451,446,441,474,468,509,509,507,493,493,493,493,493,544,539,547,539,523,0,539,539,539,539,699,535,535,531,491,316,531,530,615,613]} 1. Nf3 Nf6 2. g3 c5 3. Bg2 Nc6 4. c4 d5 5. cxd5 Nxd5 6. Nc3 Nc7 7. d3 e5 8. Nd2 {Nowadays more popular than 8.0-0.} Be7 {A34: Symmetrical English: 2 Nc3, lines with ...d5.} 9. Nc4 f6 10. Bxc6+ bxc6 {White has an edge.} 11. Be3 O-O 12. Qa4 Bd7 13. Qa5 Nd5 14. Qxd8 Rfxd8 {[#]} 15. Bd2 $146 ({Predecessor:} 15. Na4 Nxe3 16. fxe3 e4 17. dxe4 Be8 18. Rf1 Rab8 19. b3 h5 20. Rc1 h4 21. g4 {½-½ (46) Fridman,D (2569)-Kallio,H (2474) Southampton 2003}) 15... Nb6 16. b3 Be6 17. f3 Rac8 18. g4 g6 19. h4 h5 20. g5 Nxc4 21. bxc4 f5 22. Be3 Rb8 23. O-O-O Rb4 24. Kc2 f4 (24... Rb6 $142) 25. Bf2 Bf5 26. a3 Rxc4 {[#]} 27. Rb1 $1 Rd7 28. Rb8+ Kf7 29. Rhb1 Rcd4 $2 (29... Bd8 {was necessary.}) 30. Bxd4 $18 cxd4 31. Na4 Bxa3 32. R1b7 a5 33. Nb6 Rxb7 34. Rxb7+ {[%mdl 4096] Endgame KRN-KB} Ke6 35. Nc4 Bb4 36. Kd1 Kd5 37. Rb8 Be6 38. Ra8 Kc5 39. Nxa5 Bf7 40. Nc4 Kd5 41. Rb8 Bc5 42. Ra8 Bb4 43. Rc8 Bc5 44. Na5 Bb6 45. Nxc6 {[#] And now Nb4+ would win.} Kd6 46. Nb4 {Black must now prevent Rc6+.} Bb3+ 47. Nc2 Bc5 $2 (47... Ba5 48. Ra8 Bb6) 48. Rb8 Ba4 49. Rg8 {Weighted Error Value: White=0.15/Black=0.31} 1-0

[Event "DSB-Kader-Challenge 2021"]
[Site "Magdeburg"]
[Date "2021.04.05"]
[Round "1.4"]
[White "Huschenbeth, Niclas"]
[Black "Donchenko, Alexander"]
[Result "1/2-1/2"]
[WhiteElo "2604"]
[BlackElo "2659"]
[Annotator "TA"]
[PlyCount "188"]
[EventDate "2021.04.05"]
[EventType "tourn"]
[EventCountry "GER"]
[SourceTitle "playchess.com"]
[Source "ChessBase"]
[SourceQuality "1"]

{[%evp 10,188,43,26,40,35,32,32,39,22,100,98,87,83,81,76,87,33,47,47,51,39,45,35,23,-29,8,0,60,10,17,23,64,66,72,77,97,66,62,21,17,0,7,7,42,0,0,0,0,0,0,0,0,-27,9,22,15,-29,-29,-29,-29,-125,-109,-127,-22,-33,0,0,0,0,0,-99,-99,-96,-8,-8,-8,-8,-8,-8,-8,-8,-8,-8,-8,-8,-8,-10,-10,-10,-13,-10,-10,-26,-26,-247,-247,-247,-247,-243,-66,-70,-70,-70,-70,-616,-616,-485,-58,-58,-58,-58,-58,-76,-76,-76,-58,-58,-58,-58,-58,-58,-65,-61,-8,-11,-8,-39,-39,-39,-39,-39,4,-8,-8,-8,-8,-60,-39,-62,-63,-76,-76,-76,-76,-76,-76,-76,-76,-76,-76,-79,-76,-79,-79,-79,-76,-79,-56,-56,-55,-56,-56,-56,-53,-64,-56,-56,-39,-39,-8,-8,-8,-38,-38,-38,-38,-38,-38,-39,-38]} 1. e4 e5 2. Nf3 Nc6 3. Bc4 Nf6 4. d3 h6 5. O-O d6 6. c3 g5 $1 {[%mdl 4] is currently scoring better than 6...g6. C55: Two Knights: 4 d3, 4 d4 exd4 5 e5 and Max Lange Attack.} 7. Nbd2 Bg7 8. Bb3 Qe7 {[#] White is slightly better.} 9. d4 $146 ({Predecessor:} 9. Nc4 Be6 10. Ne3 O-O-O 11. Ba4 Nb8 12. c4 Nbd7 13. Bd2 Nh5 14. Nd5 Bxd5 15. cxd5 {1-0 (33) Vasiukov,E (2530)-Bebchuk,E (2335) Arco 2001}) 9... Bg4 (9... exd4 $11 10. Nxd4 O-O) 10. d5 $16 Nb8 11. Bc2 Bh5 12. Nc4 Bg6 13. Ne3 (13. Re1 $16) 13... Nbd7 $14 14. Nd2 h5 15. b4 g4 16. Re1 Bh6 17. Bb2 (17. a4 $142) 17... Kf8 18. c4 b6 (18... a5 $11) 19. f3 gxf3 20. Qxf3 Ng4 21. Nef1 ({And not} 21. Nxg4 Bxd2 22. Nf2 Bxe1 $17) 21... Bf4 {White should prevent ...Nxh2!} 22. g3 Bg5 23. h3 (23. Qe2 {with more complications.} a5 24. a3 Bh6 25. Nf3 Ra7 26. Bc1) 23... Ngf6 24. h4 Bh6 25. Ne3 Ng4 26. Ndf1 ({Of course not} 26. Nxg4 Bxd2 27. Nf2 Bxe1 $17) 26... Ndf6 27. Nf5 Bxf5 28. Qxf5 Qd7 29. Qf3 a5 30. a3 Rg8 31. Bc3 Kg7 32. bxa5 bxa5 33. Rab1 c6 34. Kg2 Qc7 35. Ba4 (35. Re2 $11) 35... cxd5 $17 36. cxd5 {[#]} Rab8 (36... Qc5 $1 $17 37. Re2 Rab8) 37. Bc6 $11 Qa7 38. a4 $1 Rxb1 39. Rxb1 Rb8 40. Rb5 (40. Bb5 $1 $11 {keeps the balance.}) 40... Rxb5 $17 41. Bxb5 Nf2 42. Bxe5 $11 dxe5 43. Qxf2 Qxf2+ 44. Kxf2 Nxe4+ {[%mdl 4096] Endgame KBN-KBN} 45. Kf3 f5 46. Be8 Kf6 47. Bxh5 Nc3 48. Be8 e4+ 49. Kf2 Nxd5 50. Bc6 Nb4 51. Bd7 Nc2 52. g4 $2 (52. Ke2 $1 $11 {and White has nothing to worry.}) 52... e3+ $19 53. Ke2 Nd4+ 54. Ke1 {And now g5+ would win.} fxg4 (54... Bf4 $19 {aiming for ...e2.} 55. Bxf5 e2) 55. Bxg4 Bf4 56. Bd1 Kf5 57. Bh5 $2 {[%mdl 8192]} (57. h5 $15) 57... Ke4 58. Bg6+ {[#]} Kf3 $2 ({Better is} 58... Kd5 $1 $19 {...e2 is the strong threat.} 59. Bd3 Kc5) 59. Bh5+ $15 Kg2 {Hoping for ...Kh3.} 60. Bg4 Bh6 61. Bh5 Kh3 62. Bd1 Bf4 63. h5 Bg5 64. Be2 Kg2 65. Bd3 Bf4 66. Be4+ Kg1 (66... Kh3 $15 67. Bd3 Kh4) 67. Bd3 $11 Bg5 68. h6 Bxh6 {Strongly threatening ...Bg5.} 69. Ng3 $1 Kg2 70. Nf5 Nf3+ 71. Ke2 Ng1+ 72. Ke1 {Threatens to win with Be4+.} Bg5 73. Nd4 (73. Be4+ $11 Kh3 74. Nd4) 73... Bh4+ $15 74. Kd1 Bf6 75. Ne2 Nh3 76. Bb5 Kf2 77. Bc4 Ng5 78. Bd5 Be5 79. Bc6 Ne6 80. Bb5 Bf6 81. Bc4 Nc5 82. Bb5 Bb2 83. Nf4 Kf3 84. Ne2 $1 Ke4 85. Bc6+ Ke5 86. Kc2 Ba1 87. Bb5 Kd6 88. Nc1 Be5 89. Nb3 Nb7 90. Kd3 Bf4 91. Ba6 Nc5+ {Black is slightly better.} 92. Nxc5 Kxc5 93. Bb5 Kb4 94. Ke2 Bg5 {Weighted Error Value: White=0.35/Black=0.31} 1/2-1/2

[Event "DSB-Kader-Challenge 2021"]
[Site "Magdeburg"]
[Date "2021.04.05"]
[Round "1.5"]
[White "Engel, Luis"]
[Black "Wagner, Dennis"]
[Result "1/2-1/2"]
[WhiteElo "2553"]
[BlackElo "2581"]
[Annotator "TA"]
[PlyCount "109"]
[EventDate "2021.04.05"]
[EventType "tourn"]
[EventCountry "GER"]
[SourceTitle "playchess.com"]
[Source "ChessBase"]
[SourceQuality "1"]

{[%evp 12,109,-21,-11,0,-7,-16,-13,-18,-30,-21,-22,18,13,31,37,28,35,39,42,42,38,50,31,46,26,19,22,36,0,0,0,0,0,9,16,17,2,2,2,3,4,10,7,6,6,6,8,28,2,20,0,27,22,21,18,25,21,35,32,32,32,33,8,19,6,36,26,44,55,102,84,95,80,79,76,65,66,74,51,39,11,67,16,17,0,0,0,0,-4,0,0,0,0,0,0,0,0,0,0]} 1. e4 e5 2. Nf3 Nc6 3. Nc3 Nf6 4. Be2 d5 5. exd5 Nxd5 6. O-O Nxc3 7. bxc3 e4 {C47: Scotch Four Knights and Four Knights with 4 g3.} 8. Ne1 (8. Nd4 $5) 8... f5 9. f3 Bc5+ 10. Kh1 O-O 11. d4 exd3 12. cxd3 f4 13. d4 Bd6 14. Nd3 {[#]} Kh8 $146 ({Predecessor:} 14... Qh4 15. Qe1 Qh5 16. Nf2 Bf5 17. Bd3 Rae8 18. Qd1 Ne7 19. Ne4 Kh8 20. c4 Bxe4 21. fxe4 Qxd1 22. Rxd1 {½-½ (64) Shaw,J (2439)-Collins,S (2456) England 2015}) 15. Nf2 Ne7 16. Ne4 Nf5 17. Re1 Qh4 18. Nxd6 cxd6 19. Bd3 Bd7 20. Bd2 Rf6 21. Bxf5 Bxf5 22. Qa4 Raf8 23. d5 Qf2 {[#] ( -> ...Bh3)} 24. Qd4 Qxd4 25. cxd4 g5 26. Rac1 Kg7 27. Bb4 R8f7 28. Re8 Rd7 29. Rcc8 Rff7 30. h4 gxh4 31. Rg8+ Kf6 32. Be1 {[%cal Re1h4] [#]} Rg7 $1 33. Bxh4+ Kg6 $1 34. Rgf8 Rdf7 35. Rxf7 Rxf7 $14 {[%mdl 4096] Endgame KRB-KRB} 36. Rg8+ Rg7 37. Ra8 a6 38. a3 Bd3 39. Rf8 Kh5 40. Rxf4 Bf1 41. g3 Bc4 42. Kg2 {Strongly threatening Rf6.} Kh6 43. Rf5 Rd7 44. g4 Kg6 45. f4 a5 46. Rh5 Kg7 (46... b5 $11) 47. f5 (47. Be1 $14) 47... b5 $11 {The position is equal.} 48. Bg5 b4 49. axb4 axb4 50. Bh6+ Kf6 51. Kg3 b3 {And now ...b2 would win.} 52. Bc1 Kg7 53. Bh6+ Kf7 {Hoping for ...b2.} 54. Bc1 Kg7 55. Bh6+ {Weighted Error Value: White=0.09/Black=0.08} 1/2-1/2

[Event "DSB-Kader-Challenge 2021"]
[Site "Magdeburg"]
[Date "2021.04.06"]
[Round "2.1"]
[White "Fridman, Daniel"]
[Black "Wagner, Dennis"]
[Result "1/2-1/2"]
[WhiteElo "2601"]
[BlackElo "2581"]
[Annotator "ChessBase"]
[PlyCount "80"]
[EventDate "2021.04.05"]
[EventType "tourn"]
[EventCountry "GER"]
[SourceTitle "playchess.com"]
[Source "ChessBase"]
[SourceQuality "1"]
[TimeControl "40/5400+30:1800+30"]

1. Nf3 {[%emt 0:00:00]} c5 {[%emt 0:00:00]} 2. c4 {[%emt 0:00:28]} Nf6 {[%emt 0:00:00]} 3. Nc3 {[%emt 0:00:08]} e6 {[%emt 0:00:07]} 4. g3 {[%emt 0:00:46]} d5 {[%emt 0:00:09]} 5. cxd5 {[%emt 0:00:06]} exd5 {[%emt 0:00:06]} 6. d4 {[%emt 0:00:05]} Nc6 {[%emt 0:00:09]} 7. Bg2 {[%emt 0:00:06]} cxd4 {[%emt 0:00:10]} 8. Nxd4 {[%emt 0:00:07]} Bc5 {[%emt 0:00:07]} 9. Nxc6 {[%emt 0:00:59]} bxc6 {[%emt 0:00:07]} 10. O-O {[%emt 0:00:07]} O-O {[%emt 0:00:12]} 11. Na4 {[%emt 0:00:04]} Bb6 {[%emt 0:00:10]} 12. Qc2 {[%emt 0:00:05]} Bd7 {[%emt 0:00:07]} 13. Nxb6 {[%emt 0:00:54]} axb6 {[%emt 0:00:06]} 14. a4 {[%emt 0:00:19]} Re8 {[%emt 0:00:07]} 15. b4 {[%emt 0:00:15]} Ne4 {[%emt 0:00:28]} 16. Be3 {[%emt 0:02:46]} h5 {[%emt 0:00:29]} 17. Rfd1 {[%emt 0:05:11]} h4 {[%emt 0:00:17]} 18. Ra3 {[%emt 0:13:56]} Qe7 {[%emt 0:17:39]} 19. Bxe4 {[%emt 0:10:56]} Qxe4 {[%emt 0:00:27]} 20. Qxe4 {[%emt 0:00:32]} Rxe4 {[%emt 0:00:06]} 21. Rd4 {[%emt 0:00:12]} Rxd4 {[%emt 0:06:13]} 22. Bxd4 {[%emt 0:03:31]} c5 {[%emt 0:00:04]} 23. bxc5 {[%emt 0:00:08]} bxc5 {[%emt 0:00:05]} 24. Bxc5 {[%emt 0:00:07]} Rxa4 {[%emt 0:00:14]} 25. Rxa4 {[%emt 0:00:06]} Bxa4 {[%emt 0:00:04]} 26. gxh4 {[%emt 0:00:10]} Bb5 {[%emt 0:00:25]} 27. e3 {[%emt 0:00:07]} g6 {[%emt 0:01:20]} 28. Kg2 {[%emt 0:00:08]} f6 {[%emt 0:01:26]} 29. Kg3 {[%emt 0:00:09]} Kf7 {[%emt 0:00:09]} 30. Bd4 {[%emt 0:00:07]} Be2 {[%emt 0:00:55]} 31. Kf4 {[%emt 0:00:09]} Bd1 {[%emt 0:01:11]} 32. f3 {[%emt 0:00:07]} Ba4 {[%emt 0:00:21]} 33. h3 {[%emt 0:00:08]} Bd7 {[%emt 0:00:12]} 34. h5 {[%emt 0:00:05]} gxh5 {[%emt 0:00:17]} 35. h4 {[%emt 0:00:05]} Kg6 {[%emt 0:00:10]} 36. e4 {[%emt 0:00:04]} dxe4 {[%emt 0:00:07]} 37. fxe4 {[%emt 0:00:03]} Bc6 {[%emt 0:00:09]} 38. Bc3 {[%emt 0:00:07]} Bb7 {[%emt 0:00:07]} 39. e5 {[%emt 0:00:06]} fxe5+ {[%emt 0:00:04]} 40. Bxe5 {[%emt 0:00:04]} Bc8 {[%emt 0:00:08]} 1/2-1/2

[Event "DSB-Kader-Challenge 2021"]
[Site "Magdeburg"]
[Date "2021.04.06"]
[Round "2.2"]
[White "Donchenko, Alexander"]
[Black "Engel, Luis"]
[Result "1/2-1/2"]
[WhiteElo "2659"]
[BlackElo "2553"]
[Annotator "TA"]
[PlyCount "99"]
[EventDate "2021.04.05"]
[EventType "tourn"]
[EventCountry "GER"]
[SourceTitle "playchess.com"]
[Source "ChessBase"]
[SourceQuality "1"]

{[%evp 11,99,11,37,0,14,-3,8,10,89,86,80,83,83,90,85,74,84,72,96,52,47,27,46,30,25,15,22,31,23,18,56,64,63,43,44,49,90,89,82,0,0,0,0,-48,0,0,0,0,0,0,0,0,0,0,0,-4,-6,-8,0,0,0,0,0,0,0,0,0,0,0,0,0,0,0,0,0,0,0,0,0,0,0,0,0,0,0,0,0,0,0,0]} 1. d4 Nf6 2. c4 e6 3. Nf3 d5 4. g3 dxc4 5. Bg2 a6 6. Ne5 c5 7. dxc5 {[#] Hoping for Qxd8+. E04: Open Catalan: 5 Nf3.} Qxd1+ 8. Kxd1 Bxc5 9. Nd2 {[%cal Bb1d2,Bd2c4,Bc4e5][%mdl 32] [#]} Ke7 $146 ({Much worse is} 9... Bxf2 $6 10. Ndxc4 Bd4 11. Nd6+ Ke7 12. Nexf7 $16 (12. Ndxf7 Rf8 $15)) (9... O-O $11) ({Predecessor:} 9... Ra7 10. Ndxc4 b5 11. Na5 O-O 12. Bd2 Bd6 13. Nd3 e5 14. e4 Rd8 15. Ke2 Be6 {1-0 (49) Santos Latasa,J (2608)-Gorodetzky,D (2495) Tornelo INT 2021}) 10. Ndxc4 $16 Rd8+ 11. Bd2 Bb4 {[#]} 12. Nd3 $1 Bxd2 13. Kxd2 Ra7 14. Rhc1 Bd7 15. Nce5 Ne8 16. Ke1 f6 17. Nc4 Bc6 18. Bh3 Nd6 19. Na5 Be4 20. Nf4 b6 21. Nxe6 bxa5 22. Nxd8 Kxd8 23. Rc5 Rb7 24. Rd1 Ke7 25. Rdc1 (25. b3 $16) 25... Rxb2 $11 26. Rc7+ Kf8 27. Be6 Bf5 28. Rd1 {The position is equal.} Bxe6 29. Rxd6 {[%cal Rd6d8]} Bd7 30. Rdxd7 Nxd7 31. Rxd7 Rxa2 {[%mdl 4096] Endgame KR-KR} 32. Ra7 a4 33. h4 a3 34. Rxa6 h5 35. Ra7 Kg8 36. f3 Kh7 37. Kf2 Kg6 38. Ke3 Kh6 39. Ra6 Kg6 40. Kd3 Kh6 41. e4 Rg2 42. e5 ({Don't play} 42. Rxa3 Rxg3 43. Ke2 Rh3 $17) 42... Kg6 43. Ke3 a2 44. exf6 gxf6 45. Kf4 Rb2 46. g4 Rb4+ 47. Kg3 hxg4 48. fxg4 {Black should prevent h5+.} Rb3+ 49. Kf4 {next h5+ is good for White.} Rb4+ 50. Kg3 {Weighted Error Value: White=0.06/Black=0.11} 1/2-1/2

[Event "DSB-Kader-Challenge 2021"]
[Site "Magdeburg"]
[Date "2021.04.06"]
[Round "2.3"]
[White "Bluebaum, Matthias"]
[Black "Huschenbeth, Niclas"]
[Result "1-0"]
[WhiteElo "2670"]
[BlackElo "2604"]
[Annotator "TA"]
[PlyCount "75"]
[EventDate "2021.04.05"]
[EventType "tourn"]
[EventCountry "GER"]
[SourceTitle "playchess.com"]
[Source "ChessBase"]
[SourceQuality "1"]

{[%evp 13,75,0,6,2,1,0,0,0,10,14,0,1,14,13,16,0,7,8,67,62,64,25,118,74,130,131,131,135,120,113,125,89,144,143,127,132,137,142,131,140,239,244,267,239,334,191,239,241,281,265,302,218,559,561,1289,1264,29994,29995,29995,29996,29996,29997,29997,29998]} 1. d4 Nf6 2. c4 e6 3. Nf3 d5 4. Nc3 Bb4 5. e3 O-O 6. Bd2 b6 7. cxd5 exd5 8. Bd3 {E51: Nimzo-Indian: Rubinstein: 4...0-0 5 Nf3 d5.} Bd6 9. O-O Re8 10. Nb5 {The position is equal.} Bf8 11. Ne5 c5 {[#]} 12. f4 $146 ({Predecessor:} 12. a4 Bb7 13. Rc1 Nc6 14. Nxc6 Bxc6 15. dxc5 bxc5 16. b4 c4 17. Nd4 Bd7 18. Bc2 {½-½ (29) Ikonnikov,V (2553)-Van der Stricht,G (2347) Antwerp 1999}) 12... a6 13. Nc3 b5 14. Qf3 c4 15. Bc2 Bb7 ({Black should play} 15... b4 $11 16. Ne2 Nbd7) 16. a3 $36 {[%mdl 2048] White fights for an advantage.} Nbd7 17. g4 g6 {White leaves nothing to chance now.} (17... Ne4 $11 {remains equal.} 18. Nxe4 dxe4 19. Bxe4 Bxe4 20. Qxe4 Nc5) 18. Be1 Ne4 (18... Qc8 $142) 19. Nxe4 $16 dxe4 20. Bxe4 Bxe4 21. Qxe4 Nf6 22. Qc6 Qd6 (22... Rc8 $142 23. Qf3 (23. Qxa6 Nd5 $11) 23... Qd5) 23. Qxd6 Bxd6 24. g5 Ne4 25. h4 h6 26. gxh6 Ra7 {[#]} (26... f6 $16) 27. Kg2 $1 $18 Rc7 28. Ba5 Rcc8 29. Rfc1 (29. Kf3 $142 Bc7 30. Kxe4 (30. h7+ Kxh7 31. Bb4 f5 $16) 30... Bxa5 31. h5) 29... f6 30. Nxg6 Kh7 31. h5 Kxh6 32. Nh4 Kxh5 $2 {[#]} (32... Bc7 {is more resistant.}) 33. Kf3 $1 Rg8 (33... Bc7 34. Bc3) 34. Kxe4 Kxh4 35. Rh1+ {White mates.} Kg3 36. Rag1+ Kf2 37. Be1+ Ke2 38. Rh2+ {Weighted Error Value: White=0.14/Black=0.65} 1-0